Manual para el viajero en Cádiz (Record no. 158649)

MARC details
000 -LEADER
campo de control de longitud fija 00737nam a22001935i 4500
001 - NÚMERO DE CONTROL
campo de control 158649
003 - IDENTIFICADOR DE NÚMERO DE CONTROL
campo de control ES-MaACL
005 - FECHA Y HORA DE LA ÚLTIMA TRANSACCIÓN
campo de control 20230906211245.0
008 - DATOS DE LONGITUD FIJA--INFORMACIÓN GENERAL
campo de control de longitud fija 040901s1894 sp a |||| | spa d
040 ## - FUENTE DE CATALOGACIÓN
Centro catalogador/agencia de origen CAM
Lengua de catalogación spa
Centro/agencia transcriptor CAM
245 00 - MENCIÓN DEL TÍTULO
Título Manual para el viajero en Cádiz
Resto del título : guía.
260 ## - PUBLICACIÓN, DISTRIBUCIÓN, ETC.
Lugar de publicación, distribución, etc. Cadiz :
Nombre del editor, distribuidor, etc. [s.n.,
Fecha de publicación, distribución, etc. s.a.] (
Fabricante Tipografía Gaditana)
300 ## - DESCRIPCIÓN FÍSICA
Extensión 269, 68 p., [1] h. pleg. de mapa :
Otras características físicas il. ;
Dimensiones 15 cm.
505 8# - NOTA DE CONTENIDO CON FORMATO
Nota de contenido con formato Las 68 p. corresponden a "Fiestas gaditanas"
596 ## - NOTA AL PIE DE IMPRENTA
NOTA AL PIE DE IMPRENTA El catálogo del CSIC fecha esta obra en 1894.
599 ## - NOTA A LAS ILUSTRACIONES
NOTA A LAS ILUSTRACIONES La h. mapa de la ciudad de Cádiz: "Lit. Cavijoli y Mongay, Editor Gautier"
651 #4 - PUNTO DE ACCESO ADICIONAL DE MATERIA--NOMBRE GEOGRÁFICO
Nombre geográfico Cádiz-
Subdivisión general Descripción.
9 (RLIN) 137116
852 ## - LOCALIZACIÓN
Ubicación ES-MaACL
Número de control de estantería G-514
Nota libre -- Enc. tela
-- -- Legado Calderón
Holdings
Estatus retirado Estado de pérdida Estado de daño No para préstamo Biblioteca de origen Biblioteca actual Ubicación en estantería Fecha de adquisición Fuente de adquisición Total de préstamos Signatura topográfica completa Código de barras Visto por última vez Precio de reemplazo Tipo de ítem Koha
        Biblioteca del Ateneo de Madrid Biblioteca del Ateneo de Madrid Depósito 2 17/01/2008     G-514 1166056 23/02/2023 23/02/2023 Libro impreso